000 00591nam a2200205 a 4500
001 18349
003 CO-ViMGA
008 141112s2004 ck r 000 u spa d
020 _a9687529849
040 _aCO-ViMGA
_bspa
_cCO-ViMGA
082 0 4 _a658.404 G436
100 1 _aGido, Jack; Clements, James P.
_926102
245 1 0 _aAdministración exitosa de proyectos
260 _aMexico,
_cThomson,
_c2001
300 _a405.p.
590 _aForma de adquisición : Premio - Mincultura
650 1 4 _aADMINISTRACION DE PROYECTOS
_91914
650 1 4 _aEMPRESAS - GESTION
_926103
942 _2ddc
_cBK
999 _c27653
_d27653